| 000 | 00000nam##2200000za#4500 |
| 001 | 9.567918 |
| 003 | CaOODSP |
| 005 | 20210624181019 |
| 007 | cr ||||||||||| |
| 008 | 150406|2000||||xxc|||||o f|0| 0 eng|d |
| 040 | |aCaOODSP|beng |
| 043 | |an-cn--- |
| 086 | 1 |aBT31-2/2001-III-19E-PDF |
| 110 | 1 |aCanada. |bTreasury Board. |
| 245 | 10|aIndian and Northern Affairs Canada and Canadian Polar Commission, 2000-2001 estimates. Part III, Report on plans and priorities |h[electronic resource] |
| 260 | |aOttawa - Ontario : |bTreasury Board of Canada Secretariat |cc2000. |
| 300 | |a43p.|bgraphs, organization chart, tables |
| 490 | 1 |a2000-2001 estimates. Part III, Report on plans and priorities |v2000-2001 |
| 500 | |aThe catalogue number (BT31-2/2001-III-19) and ISBN (0-660-61158-9) for the bilingual print edition have been incorrectly copied in this electronic publication. |
| 590 | |a10-13-Supp|b2010-11-23 |
| 775 | 08|tAffaires indiennes et du Nord Canada et Commission canadienne des affaires polaires, budget des dépenses 2000-2001. Partie III, Rapport sur les plans et les priorités |w(CaOODSP)9.599233 |
| 776 | 0#|tAffaires indiennes et du Nord Canada et Commission canadienne des affaires polaires |w(CaOODSP)9.533161 |
| 776 | 0#|tIndian and Northern Affairs Canada and Canadian Polar Commission |w(CaOODSP)9.533160 |
| 830 | #0|a2000-2001 estimates. Part III, Report on plans and priorities ;|v2000-2001|w(CaOODSP)9.506160 |
| 856 | 40|ahttp://publications.gc.ca|qPDF|s471 KB|uhttps://publications.gc.ca/collections/Collection/BT31-2-2001-III-19E.pdf|y2000-2001 |